15 najbardziej dotkniętych krajów Covid-19 - 28 maja - Statystyki

Ogólne statystyki
  • Ten quiz został rozwiązany 56 razy
  • Średni wynik to 12 z 25
Statystyki odpowiedzi
kraj % Poprawnych
Chiny
94%
Stany Zjednoczone
92%
Rosja
90%
Francja
80%
Niemcy
78%
Włochy
78%
Wielka Brytania
73%
Brazylia
71%
Hiszpania
71%
Kanada
63%
Indie
61%
Szwecja
41%
Belgia
35%
Turcja
35%
Chile
31%
Chile
31%
Iran
27%
Irlandia
25%
Peru
24%
Szwajcaria
22%
Białoruś
18%
Katar
6%
Kuwejt
4%
Singapur
4%
Bahrajn
2%
Nie znaleziono quizów pasujących do podanych kryteriów
Rozkład punktacji
Procent ludzi z każdym wynikiem
Percentyl według liczby udzielonych odpowiedzi
Twoja historia wyników
Nie rozwiązałeś tego quizu